<?xml version="1.0" encoding="UTF-8"?>
<record
    xmlns:xsi="http://www.w3.org/2001/XMLSchema-instance"
    xsi:schemaLocation="http://www.loc.gov/MARC21/slim http://www.loc.gov/standards/marcxml/schema/MARC21slim.xsd"
    xmlns="http://www.loc.gov/MARC21/slim">

  <leader>00896nam a22002057a 4500</leader>
  <datafield tag="999" ind1=" " ind2=" ">
    <subfield code="c">62628</subfield>
    <subfield code="d">62628</subfield>
  </datafield>
  <controlfield tag="003">Ge_BSU</controlfield>
  <controlfield tag="005">20241220121533.0</controlfield>
  <controlfield tag="008">241220s1973    ge ||||| |||| 00| 0 geo d</controlfield>
  <datafield tag="041" ind1=" " ind2=" ">
    <subfield code="a">geo</subfield>
  </datafield>
  <datafield tag="080" ind1=" " ind2=" ">
    <subfield code="a"> 612.014.24 &#x10DA;-46</subfield>
  </datafield>
  <datafield tag="100" ind1=" " ind2=" ">
    <subfield code="a">&#x10DA;&#x10D4;&#x10DF;&#x10D0;&#x10D5;&#x10D0;, &#x10D7;&#x10D4;&#x10D8;&#x10DB;&#x10E3;&#x10E0;&#x10D0;&#x10D6;</subfield>
    <subfield code="9">24018</subfield>
  </datafield>
  <datafield tag="245" ind1=" " ind2=" ">
    <subfield code="a">&#x10D0;&#x10D3;&#x10D0;&#x10DB;&#x10D8;&#x10D0;&#x10DC;&#x10D8;&#x10E1; &#x10E5;&#x10E0;&#x10DD;&#x10DB;&#x10DD;&#x10E1;&#x10DD;&#x10DB;&#x10D7;&#x10D0; &#x10D9;&#x10D5;&#x10DA;&#x10D4;&#x10D5;&#x10D8;&#x10E1; &#x10DB;&#x10D4;&#x10D7;&#x10DD;&#x10D3;&#x10D4;&#x10D1;&#x10D8; /</subfield>
    <subfield code="c">&#x10D7;&#x10D4;&#x10D8;&#x10DB;&#x10E3;&#x10E0;&#x10D0;&#x10D6; &#x10DA;&#x10D4;&#x10DF;&#x10D0;&#x10D5;&#x10D0;.</subfield>
  </datafield>
  <datafield tag="264" ind1=" " ind2=" ">
    <subfield code="a">&#x10D7;&#x10D1;&#x10D8;&#x10DA;&#x10D8;&#x10E1;&#x10D8; : </subfield>
    <subfield code="b">&#x10D2;&#x10D0;&#x10DC;&#x10D0;&#x10D7;&#x10DA;&#x10D4;&#x10D1;&#x10D0;, </subfield>
    <subfield code="c">1973.</subfield>
  </datafield>
  <datafield tag="300" ind1=" " ind2=" ">
    <subfield code="a">134 &#x10D2;&#x10D5;. :</subfield>
    <subfield code="b"> &#x10D8;&#x10DA;. ; </subfield>
    <subfield code="c">21 &#x10E1;&#x10DB;.</subfield>
  </datafield>
  <datafield tag="501" ind1=" " ind2=" ">
    <subfield code="a">	&#x10E1;&#x10D0;&#x10D2;&#x10D0;&#x10DC;&#x10D7;&#x10D0; &#x10E1;&#x10D0;&#x10EB;&#x10D8;&#x10D4;&#x10D1;&#x10D4;&#x10DA;&#x10D8;: &#x10D2;&#x10D5;. 127-132.</subfield>
  </datafield>
  <datafield tag="504" ind1=" " ind2=" ">
    <subfield code="a">	&#x10D1;&#x10D8;&#x10D1;&#x10DA;&#x10D8;&#x10DD;&#x10D2;&#x10E0;&#x10D0;&#x10E4;&#x10D8;&#x10D0;: &#x10D2;&#x10D5;. 121-126.</subfield>
  </datafield>
  <datafield tag="653" ind1=" " ind2=" ">
    <subfield code="a">&#x10D0;&#x10D3;&#x10D0;&#x10DB;&#x10D8;&#x10D0;&#x10DC;&#x10D8;&#x10E1; &#x10E5;&#x10E0;&#x10DD;&#x10DB;&#x10DD;&#x10E1;&#x10DD;&#x10DB;&#x10D4;&#x10D1;&#x10D8;</subfield>
  </datafield>
  <datafield tag="653" ind1=" " ind2=" ">
    <subfield code="a">&#x10DB;&#x10D4;&#x10D3;&#x10D8;&#x10EA;&#x10D8;&#x10DC;&#x10D0;</subfield>
  </datafield>
  <datafield tag="942" ind1=" " ind2=" ">
    <subfield code="2">udc</subfield>
    <subfield code="c">&#x1CAC;&#x1C98;&#x1C92;&#x1C9C;&#x1C98;</subfield>
  </datafield>
  <datafield tag="952" ind1=" " ind2=" ">
    <subfield code="0">0</subfield>
    <subfield code="1">0</subfield>
    <subfield code="2">udc</subfield>
    <subfield code="4">0</subfield>
    <subfield code="6">61201424_&#x10DA;46</subfield>
    <subfield code="7">0</subfield>
    <subfield code="9">101515</subfield>
    <subfield code="a">CPL</subfield>
    <subfield code="b">CPL</subfield>
    <subfield code="c">GEN</subfield>
    <subfield code="d">2024-12-20</subfield>
    <subfield code="g">0.60</subfield>
    <subfield code="o">612.014.24 &#x10DA;-46</subfield>
    <subfield code="p">70083</subfield>
    <subfield code="r">2024-12-20</subfield>
    <subfield code="t">70083</subfield>
    <subfield code="w">2024-12-20</subfield>
    <subfield code="y">&#x1CAC;&#x1C98;&#x1C92;&#x1C9C;&#x1C98;</subfield>
    <subfield code="z">0.60 &#x10D7;.</subfield>
  </datafield>
</record>
